| 000 | 01387cam a2200373 a 4500 | ||
|---|---|---|---|
| 999 |
_c328903 _d328903 |
||
| 001 | 12159548 | ||
| 003 | Nust | ||
| 005 | 20170418181057.0 | ||
| 008 | 000310s1998 ii b 000 0 eng | ||
| 010 | _a 99952362 | ||
| 020 | _a8173031053 | ||
| 025 | _aI-E-99-952362; 513 | ||
| 035 | _a(DLC) 99952362 | ||
| 037 |
_bLibrary of Congress -- New Delhi Field Office _cRs225.00 |
||
| 040 |
_aDLC _cDLC _dDLC |
||
| 042 | _alcode | ||
| 043 |
_aac----- _aa-cc-ti |
||
| 050 | 0 | 0 |
_aBX3746.T5 _bW4 1998 |
| 082 | 0 | 0 |
_a271.53058 _221 _bWES |
| 100 | 1 |
_aWessels, C. _q(Cornelius) |
|
| 245 | 1 | 0 |
_aEarly Jesuit travellers in Central Asia, 1603-1721 / _cby C. Wessels. |
| 260 |
_aDelhi : _bBook Faith India ; _aKathmandu : _bDistributed by Pilgrims Book House, _cc1998. |
||
| 300 |
_axi, 233 p. : _b1 folded map ; _c22 cm. |
||
| 500 | _aPrevious ed.: The Hague : M. Nijhoff, 1924. | ||
| 520 | _aWith special reference to Tibet. | ||
| 610 | 2 | 0 |
_aJesuits _zChina _zTibet Autonomous Region. |
| 610 | 2 | 0 |
_aJesuits _zAsia, Central. |
| 610 | 2 | 0 |
_aJesuits _vBiography. |
| 651 | 0 |
_aTibet Autonomous Region (China) _xDescription and travel. |
|
| 651 | 0 |
_aAsia, Central _xDescription and travel. |
|
| 906 |
_a7 _bcbc _corigode _d3 _encip _f19 _gy-gencatlg |
||
| 942 |
_2ddc _cBK |
||